Normal view
MARC view
- الاداب الاسلامية - الاخلاق - الثقافة الاسلامية - المسلمون - الايات القرانية - الاسلام
Entry Topical Term
001 - CONTROL NUMBER
- control field: 14082
003 - CONTROL NUMBER IDENTIFIER
- control field: JO-AjAnu
005 - DATE AND TIME OF LATEST TRANSACTION
- control field: 20230606072542.0
008 - FIXED-LENGTH DATA ELEMENTS
- fixed length control field: 230606|| aca||aabn | a|a d
040 ## - CATALOGING SOURCE
- Original cataloging agency: JO-AjAnu
- Transcribing agency: JO-AjAnu
150 ## - HEADING--TOPICAL TERM
- Topical term or geographic name entry element: الاداب الاسلامية - الاخلاق - الثقافة الاسلامية - المسلمون - الايات القرانية - الاسلام
670 ## - SOURCE DATA FOUND
- Source citation: Work cat.: (JO-AjAnu)7239: تاليف حمودة، محمود محمد, author 14081, صفات عباد الرحمن من آيات من القرآن: دراسة تفصيلية